[Event "Berlin Lichtenberger op 17th"]
[Site "Berlin"]
[Date "2018.08.24"]
[Round "7"]
[White "Rehmsmeier, Marc"]
[Black "Schiller, Stephan"]
[Result "1-0"]
[WhiteElo "1735"]
[BlackElo "1604"]
[PlyCount "103"]
[EventDate "2018.08.18"]
[EventType "swiss"]
[EventRounds "9"]
[EventCountry "GER"]
[SourceTitle "CBM 186 Extra"]
[Source "ChessBase"]
[SourceDate "2018.08.24"]
[SourceVersion "1"]
[SourceVersionDate "2018.08.24"]
[SourceQuality "1"]

1. e4 d6 2. d4 g6 3. Nf3 Bg7 4. Be2 Nf6 5. Nc3 0-0 6. h3 b6 7. Be3 Bb7 8. d5 c6 9. Qd2 cxd5 10. exd5 Nbd7 11. 0-0-0 Rc8 12. Bh6 Nc5 13. Bxg7 Kxg7 14. Qd4 Qc7 15. Rd2 Rcd8 16. Bc4 a6 17. a3 b5 18. Ba2 Bc8 19. Ng5 Bd7 20. b4 e5 21. dxe6 Nxe6 22. Nxe6+ fxe6 23. Ne4 d5 24. Nxf6 Rxf6 25. h4 Qf4 26. Qb2 Kg8 27. g3 Qf3 28. Re1 Rdf8 29. Rde2 Qg4 30. Qe5 Qf5 31. Qd6 Bc8 32. f4 Qg4 33. Re3 Qh3 34. Rc3 Qf5 35. Re5 Qh3 36. Re1 Qf5 37. Re5 Qh3 38. Ree3 Qf5 39. Rc7 R6f7 40. Rec3 Rxc7 41. Rxc7 Qf6 42. Kb1 Rd8 43. Qc5 Bd7 44. Qa7 Kf8 45. Rxd7 Rxd7 46. Qxd7 Qc3 47. Qxe6 Qxg3 48. Qf6+ Ke8 49. Bxd5 Kd7 50. Kb2 Qf2 51. Qc6+ Ke7 52. Qc5+ 1-0

[Event "Berlin Lichtenberger op 17th"]
[Site "Berlin"]
[Date "2018.08.23"]
[Round "6"]
[White "Pathasart, Somchay"]
[Black "Rehmsmeier, Marc"]
[Result "1/2-1/2"]
[WhiteElo "1750"]
[BlackElo "1735"]
[PlyCount "104"]
[EventDate "2018.08.18"]
[EventType "swiss"]
[EventRounds "9"]
[EventCountry "GER"]
[SourceTitle "CBM 186 Extra"]
[Source "ChessBase"]
[SourceDate "2018.08.24"]
[SourceVersion "1"]
[SourceVersionDate "2018.08.24"]
[SourceQuality "1"]

1. d4 d5 2. c4 c6 3. Nf3 Nf6 4. e3 Bf5 5. a4 e6 6. Nc3 Bb4 7. Bd2 0-0 8. Be2 dxc4 9. Bxc4 Nbd7 10. 0-0 Re8 11. Nh4 Bg4 12. f3 Bh5 13. g3 g5 14. Ng2 e5 15. Qb3 a5 16. Qc2 Bg6 17. Qd1 Nb6 18. Ba2 exd4 19. exd4 Qxd4+ 20. Kh1 h6 21. Be3 Qxd1 22. Raxd1 Nbd7 23. f4 Bh5 24. Rd4 Bc5 25. fxg5 Rxe3 26. Rxd7 Nxd7 27. Nxe3 Bxe3 28. g4 Bg6 29. h4 h5 30. gxh5 Bxh5 31. Ne4 Bc5 32. Ng3 Bg4 33. Rxf7 Kh8 34. g6 Nf6 35. Rxf6 Rf8 36. Rxf8+ Bxf8 37. h5 Kg7 38. Bb1 b5 39. axb5 cxb5 40. Kg2 a4 41. Bc2 Bb4 42. Kf2 Bc5+ 43. Ke1 Bb4+ 44. Kf2 Bc5+ 45. Kg2 a3 46. bxa3 Bxa3 47. Nf5+ Bxf5 48. Bxf5 Bb2 49. Bc2 Kh6 50. Bd1 b4 51. Kg3 Bc3 52. Kg4 Bd4 1/2-1/2

[Event "Berlin Lichtenberger op 16th"]
[Site "Berlin"]
[Date "2017.08.25"]
[Round "7"]
[White "Rehmsmeier, Marc"]
[Black "Schubert, Joachim"]
[Result "1-0"]
[WhiteElo "1698"]
[BlackElo "1893"]
[PlyCount "43"]
[EventDate "2017.08.19"]
[EventType "swiss"]
[EventRounds "9"]
[EventCountry "GER"]
[SourceTitle "CBM 180 Extra"]
[Source "ChessBase"]
[SourceDate "2017.10.06"]
[SourceVersion "1"]
[SourceVersionDate "2017.10.06"]
[SourceQuality "1"]

1. d4 f5 2. g3 Nf6 3. Bg2 e6 4. c4 Be7 5. Nf3 0-0 6. 0-0 c6 7. Nbd2 d6 8. Qc2 Nbd7 9. e4 fxe4 10. Ng5 Nb6 11. Bh3 e5 12. dxe5 Bxh3 13. exf6 Bxf1 14. Qxe4 g6 15. Qe6+ Kh8 16. fxe7 Qe8 17. exf8Q+ Qxf8 18. b3 Qg7 19. Rb1 d5 20. Nf7+ Kg8 21. Nd8+ Kf8 22. Ba3+ 1-0

[Event "Berlin Lichtenberger op 16th"]
[Site "Berlin"]
[Date "2017.08.23"]
[Round "5"]
[White "Oelmann, Henry"]
[Black "Rehmsmeier, Marc"]
[Result "1-0"]
[WhiteElo "1992"]
[BlackElo "1698"]
[PlyCount "51"]
[EventDate "2017.08.19"]
[EventType "swiss"]
[EventRounds "9"]
[EventCountry "GER"]
[SourceTitle "CBM 180 Extra"]
[Source "ChessBase"]
[SourceDate "2017.10.06"]
[SourceVersion "1"]
[SourceVersionDate "2017.10.06"]
[SourceQuality "1"]

1. Nf3 d5 2. d4 Nf6 3. c4 e6 4. Nc3 Be7 5. e3 0-0 6. b3 Bb4 7. Bb2 Ne4 8. Qc2 b6 9. Bd3 Bxc3+ 10. Bxc3 Nxc3 11. Qxc3 Nd7 12. cxd5 exd5 13. Qc6 Qf6 14. Qxa8 Nc5 15. Bxh7+ Kxh7 16. 0-0 Nb7 17. Ne5 Qd6 18. Rac1 Na5 19. Qb8 f6 20. Nf7 Rxf7 21. Qxc8 Rd7 22. f4 c6 23. Rf3 Rb7 24. Rh3+ Kg6 25. Qe8+ Kf5 26. g4+ 1-0

[Event "Berlin Lichtenberger op 15th"]
[Site "Berlin"]
[Date "2016.08.18"]
[Round "6"]
[White "Kievelitz, Bernd"]
[Black "Rehmsmeier, Marc"]
[Result "1-0"]
[WhiteElo "1866"]
[BlackElo "1686"]
[PlyCount "79"]
[EventDate "2016.08.13"]
[EventType "swiss"]
[EventRounds "9"]
[EventCountry "GER"]
[SourceTitle "CBM 173 Extra"]
[Source "ChessBase"]
[SourceDate "2016.08.29"]
[SourceVersion "1"]
[SourceVersionDate "2016.08.29"]
[SourceQuality "1"]

1. Nf3 d5 2. d4 Nf6 3. c4 c6 4. Qb3 e6 5. g3 Be7 6. Bg2 0-0 7. 0-0 Nbd7 8. Nc3 Re8 9. Re1 Bf8 10. e4 dxc4 11. Qxc4 Nb6 12. Qb3 Nbd7 13. Bg5 h6 14. Be3 g5 15. Rad1 Ng4 16. Bc1 e5 17. h3 exd4 18. Nxd4 Nge5 19. Nf5 Qf6 20. Be3 Bc5 21. Qc2 Nc4 22. Nd5 cxd5 23. Bxc5 Nxc5 24. Rxd5 Bxf5 25. Rxf5 Qxf5 26. exf5 Rxe1+ 27. Kh2 Nxb2 28. Qxc5 Nd3 29. Qd4 Ne5 30. f4 gxf4 31. gxf4 Nc6 32. Qf6 Rd8 33. Qxh6 f6 34. Qg6+ Kh8 35. Qxf6+ Kh7 36. Qg6+ Kh8 37. Qh6+ Kg8 38. f6 Rd7 39. Bd5+ Rf7 40. Qg6+ 1-0

[Event "Berlin Lichtenberger op 15th"]
[Site "Berlin"]
[Date "2016.08.17"]
[Round "5"]
[White "Rehmsmeier, Marc"]
[Black "Bauder, Herbert"]
[Result "1/2-1/2"]
[WhiteElo "1686"]
[BlackElo "1924"]
[PlyCount "85"]
[EventDate "2016.08.13"]
[EventType "swiss"]
[EventRounds "9"]
[EventCountry "GER"]
[SourceTitle "CBM 173 Extra"]
[Source "ChessBase"]
[SourceDate "2016.08.29"]
[SourceVersion "1"]
[SourceVersionDate "2016.08.29"]
[SourceQuality "1"]

1. d4 Nf6 2. c4 g6 3. Nc3 Bg7 4. e4 d6 5. Nf3 0-0 6. Be2 e5 7. dxe5 dxe5 8. Qxd8 Rxd8 9. Bg5 Nbd7 10. Nd5 c6 11. Nxf6+ Nxf6 12. Nd2 h6 13. Be3 Ng4 14. Bc5 Bf8 15. Bxf8 Kxf8 16. Nb3 Nf6 17. f3 b6 18. Kf2 Be6 19. Rhd1 Ke7 20. Rxd8 Rxd8 21. c5 Nd7 22. cxb6 axb6 23. Nc1 Nc5 24. b3 Rd2 25. Ke3 Rd8 26. Nd3 Nxd3 27. Bxd3 Ra8 28. Bc2 Ra3 29. Kd3 c5 30. Kc3 b5 31. Kb2 b4 32. Bd3 Kd6 33. Bb5 Ra5 34. Rd1+ Kc7 35. Be2 Ra8 36. h4 Rd8 37. Rxd8 Kxd8 38. Bc4 Kd7 39. g4 g5 40. hxg5 hxg5 41. Kc2 Bxc4 42. bxc4 Kc6 43. Kb3 1/2-1/2